| 000 | 00655nam a2200241Ia 4500 | ||
|---|---|---|---|
| 001 | 38442 | ||
| 005 | 20240114002010.0 | ||
| 007 | ta | ||
| 008 | 070719s1934 a g b000 u 465 u | ||
| 040 | _aCotton College,Assam | ||
| 041 | _a465 | ||
| 082 |
_a954.023 _bK 528 M |
||
| 100 | _aKhosla, Ram Prasad . | ||
| 245 | 0 |
_aMughal Kingship and Nobility / _cRam Prasad Khosla. _hTextual Documents |
|
| 250 | _a1st ed. / | ||
| 260 |
_aAllahabad : _bThe Indian Press Ltd. , _c1934. |
||
| 300 |
_a311p. : _bill ; _c22cm . |
||
| 653 | _aHistory-Mughal Kings | ||
| 653 | _aG-History | ||
| 942 |
_2ddc _cBK |
||
| 999 |
_c38416 _d38416 |
||